Creando organizaciones para el futuro

Պահպանված է:
Մատենագիտական մանրամասներ
Հիմնական հեղինակ: Flores, Fernando (Հեղինակ)
Ձևաչափ: Գիրք
Լեզու:իսպաներեն
Հրապարակվել է: Santiago Dolmen 1994
Շարք:Dolmen economía y gestión
Խորագրեր:
Ցուցիչներ: Ավելացրեք ցուցիչ
Չկան պիտակներ, Եղեք առաջինը, ով նշում է այս գրառումը!

MARC

LEADER 00000nam a2200000 a 4500
001 UCX9403
003 CL-VaPUC
005 20241104152517.0
008 940606e19940000CL |||||||||||||||||spa|d
999 |c 228655  |d 228653 
040 |c Pontificia Universidad Católica de Valparaíso 
082 0 4 |a 658.1  |b FLO  |2 21 
100 0 |a Flores, Fernando  |e author  |9 326793 
245 1 0 |a Creando organizaciones para el futuro 
260 |a Santiago  |b Dolmen  |c 1994 
300 |a 194 p 
490 0 |a Dolmen economía y gestión 
583 |a last modification  |c 19940606 00:00:00  |k Rodrigo Vera 
650 0 |a Psicología de las organizaciones  |9 408273 
650 0 |a Gestión de recursos humanos   |9 879947 
650 0 |a Comunicación en las organizaciones  |9 893098 
942 |c BK  |2 ddc 
945 |d 19940606 00:00:00  |a mfernand 
952 |0 0  |1 0  |4 0  |6 658_100000000000000_FLO_1994  |7 0  |8 R  |9 228960  |a BIBENE  |b BIBENE  |d 2019-11-15  |i 2983087  |o 658.1 FLO 1994  |p 2983087  |r 2025-01-15  |w 2019-11-15  |y BK_R  |k ICO 
952 |0 0  |1 0  |4 0  |6 658_100000000000000_FLO_1994  |7 0  |8 A  |9 228961  |a FDOPOS  |b FDOPOS  |d 2019-11-15  |i 2981572  |o 658.1 FLO 1994  |p 2981572  |r 2025-01-22  |w 2019-11-15  |y BK  |k MLA 
952 |0 0  |1 0  |4 0  |6 658_100000000000000_FLO_1994  |7 0  |8 R  |9 228962  |a BIBGIM  |b BIBGIM  |d 2019-11-15  |i 2988798  |o 658.1 FLO 1994  |p 2988798  |r 2025-01-15  |w 2019-11-15  |y BK_R  |k COM 
952 |0 0  |1 0  |4 0  |6 658_100000000000000_FLO_1994  |7 0  |8 R  |9 228963  |a BIBGIM  |b BIBGIM  |d 2019-11-15  |i 3004139  |o 658.1 FLO 1994  |p 3004139  |r 2025-01-15  |w 2019-11-15  |y BK_R  |k COM 
952 |0 0  |1 0  |4 0  |6 658_100000000000000_FLO_1994  |7 0  |8 R  |9 228964  |a BIBGIM  |b BIBGIM  |d 2019-11-15  |i 3064077  |o 658.1 FLO 1994  |p 3064077  |r 2025-01-15  |w 2019-11-15  |y BK_R  |k COM 
952 |0 0  |1 0  |4 0  |6 658_100000000000000_FLO_1994  |7 0  |8 R  |9 228965  |a BIBGIM  |b BIBGIM  |d 2019-11-15  |i 314500K  |o 658.1 FLO 1994  |p 314500K  |r 2025-01-15  |w 2019-11-15  |y BK_R  |k COM 
952 |0 0  |1 0  |4 0  |6 658_100000000000000_FLO_1994  |7 0  |8 A  |9 228966  |a BIBING  |b BIBING  |d 2019-11-15  |i 3330761  |o 658.1 FLO 1994  |p 3330761  |r 2025-01-20  |w 2019-11-15  |y BK  |k CCI